000 00555cam a22002053a 4500
001 34183
003 PGUSA
005 20140828083734.0
008 101031s2010||||xxu|||||s|||||000 | eng d
040 _aPGUSA
_beng
042 _adc
100 1 _aJessen, Burchard
245 1 0 _aS/S "Styggen"
_h[electronic resource] /
_cBurchard Jessen
260 _bProject Gutenberg,
_c2010
506 _aPublic domain in the USA.
516 _aElectronic text
830 0 _aProject Gutenberg
_v34183
856 4 0 _uhttp://www.gutenberg.org/ebooks/34183
942 _cEB
999 _c263438
_d263438